|
|
|
|
| LEADER |
00000nam a2200000 a 4500 |
| 001 |
vtls001378487 |
| 003 |
SK-MaSNL |
| 005 |
20260223174029.0 |
| 008 |
210928s1981 xx 0 und |
| 035 |
|
|
|a SNK000332453
|
| 040 |
|
|
|a SNK
|b slo
|c SNK
|e AACR2
|
| 245 |
1 |
4 |
|a Die Familie in der sozialistischen Tschechoslowakei
|
| 260 |
|
|
|a Prag
|b Orbis
|c 1981
|
| 300 |
|
|
|a 86 s.
|
| 958 |
|
|
|a OND
|
| 999 |
|
|
|c 636628
|d 638558
|
| 952 |
|
|
|t P60, <04>, [BOOK], {604}
|a SNK
|b SNK
|y VYP
|7 0
|p 17A0220728
|o snkSC 55121 D1
|0 0
|1 0
|4 0
|d 1999-12-02
|l 0
|r 2005-01-02 00:00:00
|w 2026-02-23
|
| 952 |
|
|
|a SNK
|b SNK
|y PREZ
|7 0
|p 17A0855769
|o snkSC 55121
|0 0
|1 0
|4 0
|d 2012-08-06
|l 0
|r 2026-02-23 17:40:29
|w 2026-02-23
|